Enfermedad de Alzheimer's y Desordenes Relacionados.

Bibliographic Details
Corporate Author: Kanopy (Firm)
Format: Video
Language:English
Language Notes:In English
Published: [San Francisco, California, USA] : NEVCO Education, 2014.
Kanopy Streaming, 2017.
Subjects:
Online Access:Connect to this streaming video (Kanopy)

MARC

Tag First Indicator Second Indicator Subfields
LEADER 00000cgm a2200000 i 4500
001 in00003847708
006 m o c
007 cr una---unuuu
007 vz uzazuu
008 170424p20172014cau086 o vleng d
005 20230309132402.4
028 5 2 |a 1204992  |b Kanopy 
035 |a (OCoLC)985037014 
035 |a (CaSfKAN)kan1204992 
035 |a in00003847708 
040 |a VDU  |b eng  |e rda  |c VDU  |d UtOrBLW 
245 0 0 |a Enfermedad de Alzheimer's y Desordenes Relacionados. 
264 1 |b NEVCO Education,  |c 2014. 
264 1 |a [San Francisco, California, USA] :  |b Kanopy Streaming,  |c 2017. 
300 |a 1 online resource (streaming video file) (87 minutes):  |b digital, .flv file, sound 
306 |a 012651 
336 |a two-dimensional moving image  |b tdi  |2 rdacontent 
337 |a video  |b v  |2 rdamedia 
337 |a computer  |b c  |2 rdamedia 
338 |a online resource  |b cr  |2 rdacarrier 
500 |a Title from title frames. 
500 |a In Process Record. 
500 |a Film 
518 |a Originally produced by NEVCO Education in 2014. 
538 |a Mode of access: World Wide Web. 
546 |a In English  
650 0 |a Nursing.  |0 http://id.loc.gov/authorities/subjects/sh85093362 
655 7 |a Educational films.  |2 lcgft  |0 http://id.loc.gov/authorities/genreForms/gf2011026219 
710 2 |a Kanopy (Firm)  |0 http://id.loc.gov/authorities/names/no2014091415 
710 2 |a NEVCO Education (Firm),  |e distributor. 
856 4 0 |u http://proxy.library.tamu.edu/login?url=https://texasam.kanopy.com/node/204993  |z Connect to this streaming video (Kanopy)  |t 0 
999 f f |s 6162228c-3162-4206-8fe5-27c267043ee4  |i 8e3170de-d3d2-3a3f-97b6-abb88842665a  |t 0 
952 f f |a Texas A&M University  |b College Station  |c Electronic Resources  |d Available Online  |t 0  |h No information provided 
998 f f |t 0  |l Available Online